Mangas et anime - Quiz par lettre - R - Statistiques

Statistiques générales
  • Ce quiz a été pris 280 fois
  • Le résultat moyen est 10 sur 20
Statistiques - réponses
Indice Réponse % Correct
Prénom de Zoro, dans One Piece Roronoa
92%
Le shinigami qui accompagne Light, dans Death Note Ryuk
89%
Dans Naruto, jeune ninja à la coupe au bol incapable d'utiliser le ninjustu Rock Lee
86%
L'Orbe Tourbillonnante, la technique de Naruto, en japonais Rasengan
85%
Il est l'alchimiste des flammes dans FullMetal Alchemist Roy Mustang
72%
Elle donne involontairement les pouvoirs de Shinigami à Ichigo, dans Bleach Rukia Kuchiki
65%
Dans Dragon Ball, il est le frère de Son Goku Raditz
57%
Dans One Piece, c'est le conseil des dirigeants mondiaux ayant lieu tous les 4 ans Rêverie
54%
Sport pratiqué dans All Out! ou encore Try Knights Rugby
54%
Dans Food Wars, c'est ce qu'est le "Yukihira" comme commerce Restaurant
53%
Lady Oscar en animé, la ____ de Versailles en manga Rose
46%
Manga dans lequel un jeune homme se transforme en fille au contact de l'eau froide Ranma 1/2
45%
Dans Dragon Ball, l'armée dirigée par le Général Red Red Ribbon
42%
Manfra de Tony Valente dans lequel Seth l'apprenti sorcier combat les Némésis Radiant
31%
Ils sont indispensables pour participer au "Air Treck", dans Air Gear Roller
30%
Manga dont le protagoniste, Tsuna, se retrouve mêlé à des histoires de mafia Reborn!
24%
C'est la guilde clandestine créée par le fils du maître de Fairy Tail Raven Tail
21%
Complétez ces titres: Prisonnier ____, ____-Do Riku
20%
Nom complet japonais de Nicky Larson Ryo Saeba
14%
Takehiko Inoue (Slam Dunk) a dessiné ce manga sur l'handibasket Real
13%
Aucun quiz correspondant
Distribution des résultats
% des personnes avec chaque résultat
Percentile par nombre de réponses
Votre historique - résultats
Vous n’avez pas pris ce quiz